[Event "DEN-ch (Women)"]
[Site "Copenhagen"]
[Date "2022.09.10"]
[Round "3"]
[White "Guindy, Esmat Susanne"]
[Black "Nilssen, Ellen Fredericia"]
[Result "1-0"]
[WhiteElo "2073"]
[BlackElo "2159"]
[PlyCount "113"]
[EventDate "2022.09.09"]
[EventType "tourn"]
[EventRounds "5"]
[EventCountry "DEN"]
[SourceTitle "EXT 2024"]
[Source "ChessBase"]
[SourceDate "2023.10.10"]
[SourceVersion "1"]
[SourceVersionDate "2023.10.10"]
[SourceQuality "1"]

1. c4 Nf6 2. Nf3 e6 3. e3 c5 4. Nc3 Nc6 5. d4 cxd4 6. Nxd4 Bb4 7. Bd2 Nxd4 8. exd4 0-0 9. Be2 Bxc3 10. Bxc3 d5 11. c5 b6 12. b4 Ne4 13. Rc1 a5 14. b5 e5 15. c6 Qg5 16. 0-0 Nxc3 17. Rxc3 e4 18. f4 Qe7 19. f5 f6 20. Bh5 Ra7 21. a3 Rc7 22. Bg6 hxg6 23. fxg6 Rd8 24. Qh5 Be6 25. g4 Kf8 26. g5 Rd6 27. gxf6 gxf6 28. g7+ Qxg7+ 29. Rg3 Bh3 30. Qxh3 Qh7 31. Qg4 e3 32. Qf4 Re6 33. Rxe3 Rxe3 34. Qxe3 Qg6+ 35. Qg3 Qxg3+ 36. hxg3 Kf7 37. Re1 Kg6 38. Kf2 Rc8 39. Re7 Rh8 40. Kf3 Rh1 41. Rd7 Ra1 42. Rxd5 Rxa3+ 43. Kf4 Rc3 44. Rd7 f5 45. Rd6+ Kf7 46. Kxf5 a4 47. Rd7+ Ke8 48. Rb7 Rd3 49. Rxb6 Kd8 50. Ke5 Rxg3 51. d5 Rg5+ 52. Kd6 Rg6+ 53. Kc5 a3 54. c7+ Kc8 55. Rxg6 a2 56. Kc6 a1N 57. Rg8# 1-0

[Event "Olympiad Women-44"]
[Site "Chennai"]
[Date "2022.08.07"]
[Round "9.1"]
[White "Antonova, Nadezhda"]
[Black "Guindy, Esmat Susanne"]
[Result "1-0"]
[WhiteElo "1832"]
[BlackElo "2097"]
[PlyCount "57"]
[EventDate "2022.07.29"]
[EventType "team-swiss"]
[EventRounds "11"]
[EventCountry "IND"]
[SourceTitle "CBM 210"]
[Source "ChessBase"]
[SourceDate "2022.10.31"]
[SourceVersion "1"]
[SourceVersionDate "2022.10.31"]
[SourceQuality "1"]
[WhiteTeam "Tajikistan (W)"]
[BlackTeam "Denmark (W)"]
[WhiteTeamCountry "TJK"]
[BlackTeamCountry "DEN"]

1. Nf3 d5 2. b3 c5 3. e3 Nf6 4. Bb2 e6 5. Bb5+ Bd7 6. Qe2 Bd6 7. Ne5 a6 8. Bxd7+ Nbxd7 9. f4 Qc7 10. Nxd7 Qxd7 11. d3 Qc7 12. 0-0 0-0-0 13. Nd2 e5 14. e4 dxe4 15. dxe4 exf4 16. e5 Rhe8 17. Nc4 Bf8 18. Rxf4 Nd5 19. Qg4+ Re6 20. Rf3 b5 21. Raf1 bxc4 22. Rxf7 Qc6 23. Rxf8 Rxf8 24. Rxf8+ Kb7 25. Qxg7+ Kb6 26. bxc4 Ne7 27. Rf6 Kc7 28. Qf7 Kd7 29. h3 1-0

[Event "Olympiad Women-44"]
[Site "Chennai"]
[Date "2022.08.05"]
[Round "7.2"]
[White "Guindy, Esmat Susanne"]
[Black "Yao, Lan"]
[Result "0-1"]
[WhiteElo "2097"]
[BlackElo "2274"]
[PlyCount "112"]
[EventDate "2022.07.29"]
[EventType "team-swiss"]
[EventRounds "11"]
[EventCountry "IND"]
[SourceTitle "CBM 210"]
[Source "ChessBase"]
[SourceDate "2022.10.31"]
[SourceVersion "1"]
[SourceVersionDate "2022.10.31"]
[SourceQuality "1"]
[WhiteTeam "Denmark (W)"]
[BlackTeam "England (W)"]
[WhiteTeamCountry "DEN"]
[BlackTeamCountry "ENG"]

1. d4 Nf6 2. g3 d5 3. Bg2 e6 4. c4 dxc4 5. Qa4+ Nbd7 6. Qxc4 a6 7. Nf3 b5 8. Qc2 Bb7 9. 0-0 Be7 10. Nc3 0-0 11. e4 b4 12. e5 bxc3 13. exf6 Nxf6 14. bxc3 c5 15. Rd1 Rc8 16. Qb3 Be4 17. Qa4 Qd5 18. c4 Qh5 19. Ne1 cxd4 20. Rxd4 Bc5 21. Rxe4 Nxe4 22. Bxe4 Qe2 23. Qc2 Qxe1+ 24. Kg2 f5 25. Bf3 Qe5 26. Rb1 Bd4 27. Bb7 Rcd8 28. Rb3 Rf7 29. Bxa6 Qe4+ 30. Qxe4 fxe4 31. Be3 Bxe3 32. Rxe3 Ra8 33. Bb5 Rxa2 34. c5 Rfxf2+ 35. Kh3 Rxh2+ 36. Kg4 Rac2 37. Bd7 Rxc5 38. Bxe6+ Kf8 39. Rxe4 Rf2 40. Kh3 Rc3 41. Bd5 Rf5 42. Rd4 g6 43. Kh4 Kg7 44. Be4 Ra5 45. Bb1 Kh6 46. Kh3 Ra1 47. Rb4 Raa3 48. Rh4+ Kg7 49. Rg4 Ra1 50. Rb4 Rc1 51. Be4 Re1 52. Kh4 Kh6 53. g4 Ra5 54. Bb1 Rh1+ 55. Kg3 Kg5 56. Be4 Rg1+ 0-1

[Event "Olympiad Women-44"]
[Site "Chennai"]
[Date "2022.08.02"]
[Round "5.2"]
[White "Guindy, Esmat Susanne"]
[Black "Zimina, Olga"]
[Result "1/2-1/2"]
[WhiteElo "2097"]
[BlackElo "2340"]
[PlyCount "147"]
[EventDate "2022.07.29"]
[EventType "team-swiss"]
[EventRounds "11"]
[EventCountry "IND"]
[SourceTitle "CBM 210"]
[Source "ChessBase"]
[SourceDate "2022.10.31"]
[SourceVersion "1"]
[SourceVersionDate "2022.10.31"]
[SourceQuality "1"]
[WhiteTeam "Denmark (W)"]
[BlackTeam "Italy (W)"]
[WhiteTeamCountry "DEN"]
[BlackTeamCountry "ITA"]

1. d4 d5 2. c4 c6 3. Nf3 Nf6 4. Nc3 a6 5. e3 b5 6. cxd5 cxd5 7. Bd3 e6 8. a3 Nbd7 9. 0-0 Bb7 10. Nd2 Rc8 11. e4 dxe4 12. Ndxe4 Be7 13. Re1 Nxe4 14. Bxe4 Bxe4 15. Nxe4 Nb6 16. Qg4 g6 17. Nc5 h5 18. Qe4 Qd5 19. Qxd5 Nxd5 20. Nxa6 0-0 21. Re2 Rc4 22. Be3 Ra8 23. Nc5 Nxe3 24. Rxe3 Rxd4 25. Nb3 Rc4 26. Kf1 Bf6 27. Re2 Rac8 28. Rd1 Kf8 29. g3 h4 30. Kg2 Ke8 31. h3 Ra8 32. Rc1 hxg3 33. fxg3 Rxc1 34. Nxc1 Rd8 35. Rc2 Rd1 36. b3 Bg5 37. Ne2 Be7 38. Nc3 Rd3 39. Nxb5 Rxb3 40. a4 Rb4 41. Rc8+ Kd7 42. Ra8 Bc5 43. h4 e5 44. Nc3 e4 45. Ra5 Kd6 46. Ra6+ Ke5 47. Ne2 Rb2 48. Kf1 Rb3 49. Ra5 Rf3+ 50. Ke1 Kd5 51. Kd2 Kc4 52. Ra8 Bb4+ 53. Kc2 Ra3 54. Rc8+ Bc5 55. Re8 f5 56. Re6 Ra2+ 57. Kd1 Ra1+ 58. Kc2 Ra2+ 59. Kd1 Rxa4 60. Rxg6 Kd3 61. Nf4+ Ke3 62. h5 Kf3 63. Rg5 Be3 64. Rxf5 Kxg3 65. Ne2+ Kg4 66. Re5 Ra1+ 67. Kc2 Ra2+ 68. Kd1 Ra1+ 69. Kc2 Kf3 70. Nc3 Rc1+ 71. Kb2 Rh1 72. Rxe4 Rxh5 73. Kb3 Rh3 74. Rc4 1/2-1/2

[Event "Skandenborg Smuk-B"]
[Site "Skanderborg"]
[Date "2021.08.22"]
[Round "5.5"]
[White "Guindy, Esmat Susanne"]
[Black "Liu, Casper Yukun"]
[Result "1/2-1/2"]
[WhiteElo "2101"]
[BlackElo "2137"]
[PlyCount "89"]
[EventDate "2021.08.20"]
[EventType "tourn"]
[EventRounds "5"]
[EventCountry "DEN"]
[SourceTitle "EXT 2023"]
[Source "ChessBase"]
[SourceDate "2022.10.05"]
[SourceVersion "1"]
[SourceVersionDate "2022.10.05"]
[SourceQuality "1"]

1. d4 d5 2. Bf4 Nf6 3. e3 e6 4. Nf3 Be7 5. Bd3 0-0 6. Nbd2 c5 7. c3 b6 8. Ne5 Bb7 9. Qf3 Nbd7 10. Qh3 Re8 11. Ndf3 Nxe5 12. dxe5 Ne4 13. Rd1 Qc8 14. Ng1 f5 15. exf6 Bxf6 16. f3 e5 17. fxe4 exf4 18. exf4 dxe4 19. Bc4+ Kh8 20. Qxc8 Raxc8 21. Ne2 Rcd8 22. 0-0 a6 23. Bb3 b5 24. Rxd8 Rxd8 25. Rd1 Rxd1+ 26. Bxd1 b4 27. g4 h6 28. Kf2 a5 29. Ke3 Ba6 30. cxb4 Bxe2 31. Bxe2 cxb4 32. b3 Kg8 33. Bc4+ Kf8 34. Kxe4 Bd8 35. Kf5 Bc7 36. h4 Bd8 37. g5 Bc7 38. Bd5 Bb8 39. Kg4 Bc7 40. f5 Bd8 41. Kh5 hxg5 42. hxg5 Bb6 43. Kg6 Bd4 44. Kh7 Bc3 45. Kg6 1/2-1/2

[Event "Titled Tuesday intern op 09th Mar"]
[Site "Chess.com INT"]
[Date "2021.03.09"]
[Round "10"]
[White "Guindy, Esmat Susanne"]
[Black "Grineva, Marianna"]
[Result "1-0"]
[WhiteElo "2100"]
[BlackElo "1997"]
[PlyCount "95"]
[EventDate "2021.03.09"]
[EventType "swiss (blitz)"]
[EventRounds "11"]
[EventCountry "USA"]
[SourceTitle "CBM 201 Extra"]
[Source "ChessBase"]
[SourceDate "2021.05.31"]
[SourceVersion "1"]
[SourceVersionDate "2021.05.31"]
[SourceQuality "1"]

1. e4 c5 2. Nf3 d6 3. d4 cxd4 4. Nxd4 Nf6 5. Nc3 g6 6. b3 Bg7 7. Bb2 0-0 8. Qe2 Nc6 9. Nxc6 bxc6 10. 0-0-0 Qa5 11. h3 Nd7 12. Qc4 Ne5 13. Qa4 Qb6 14. Qd4 Qc7 15. f4 c5 16. Nd5 Qb7 17. Qc3 e6 18. fxe5 exd5 19. Rxd5 Be6 20. Bc4 Rad8 21. Qg3 Bxd5 22. Bxd5 Qa6 23. Rf1 Qxa2 24. Bc3 dxe5 25. Kd2 Qa6 26. Qf3 Rd7 27. Qd3 Qd6 28. Qc4 Bh6+ 29. Ke2 Re7 30. Rf3 Bf4 31. g3 Bh6 32. b4 Rc7 33. b5 Bg7 34. Bb2 Qe7 35. Kf2 h6 36. Kg2 Kh7 37. Qd3 Rd7 38. c4 Rd6 39. Qe3 Rf6 40. Rxf6 Bxf6 41. h4 Rd8 42. Ba3 Rc8 43. Qb3 Rc7 44. Qa4 Qd6 45. Qa5 Bd8 46. Qd2 f5 47. Bc1 fxe4 48. Qxh6# 1-0

[Event "Titled Tuesday intern op 09th Mar"]
[Site "Chess.com INT"]
[Date "2021.03.09"]
[Round "1"]
[White "Guindy, Esmat Susanne"]
[Black "Safarli, Eltaj"]
[Result "1/2-1/2"]
[WhiteElo "2100"]
[BlackElo "2598"]
[PlyCount "150"]
[EventDate "2021.03.09"]
[EventType "swiss (blitz)"]
[EventRounds "11"]
[EventCountry "USA"]
[SourceTitle "CBM 201 Extra"]
[Source "ChessBase"]
[SourceDate "2021.05.31"]
[SourceVersion "1"]
[SourceVersionDate "2021.05.31"]
[SourceQuality "1"]

1. d4 Nf6 2. c4 e6 3. Nc3 Bb4 4. Bd2 0-0 5. e3 b6 6. Nf3 Bb7 7. a3 Bxc3 8. Bxc3 d6 9. Bd3 Nbd7 10. 0-0 Ne4 11. Be1 f5 12. Nd2 Nxd2 13. Qxd2 e5 14. f3 Qe7 15. Bf2 e4 16. fxe4 Bxe4 17. Be2 Nf6 18. Bh4 Rae8 19. a4 Qe6 20. d5 Qe5 21. a5 Rf7 22. b4 Nd7 23. Bg3 Qe7 24. axb6 axb6 25. Ra7 Ne5 26. c5 bxc5 27. bxc5 dxc5 28. Rc1 c4 29. Bxc4 Nxc4 30. Rxc4 Qd8 31. Rcxc7 Rxc7 32. Rxc7 Qxd5 33. Qxd5+ Bxd5 34. Bf4 h6 35. h4 Re6 36. g3 Ra6 37. Kf2 Ra2+ 38. Ke1 Ra1+ 39. Kd2 Ra2+ 40. Kd3 Be4+ 41. Kd4 Ra5 42. Rc5 Ra6 43. Ke5 Kh7 44. h5 Ra1 45. g4 Rh1 46. gxf5 Bxf5 47. Rc7 Rxh5 48. e4 Bg6+ 49. Kd4 Rh4 50. Ke3 Rh3+ 51. Kd4 Rh4 52. Ke3 Rg4 53. Kf3 h5 54. e5 Bf5 55. Re7 Kg8 56. e6 g5 57. Be5 Re4 58. Rg7+ Kf8 59. Rf7+ Ke8 60. Rxf5 Re1 61. Rxg5 Ke7 62. Bc3 Rxe6 63. Rxh5 Kd6 64. Bd4 Re8 65. Kf4 Rf8+ 66. Rf5 Re8 67. Be5+ Kd5 68. Bf6+ Ke6 69. Bg5 Rc8 70. Re5+ Kd6 71. Re4 Rc2 72. Bf6 Kd5 73. Re5+ Kd6 74. Kg5 Rc5 75. Rxc5 Kxc5 1/2-1/2

[Event "Online Olym Div2 D"]
[Site "Chess.com INT"]
[Date "2020.08.15"]
[Round "4.3"]
[White "Kanyamarala, Trisha"]
[Black "Guindy, Esmat Susanne"]
[Result "1-0"]
[WhiteElo "2223"]
[BlackElo "2128"]
[PlyCount "121"]
[EventDate "2020.08.14"]
[EventType "team-tourn (rapid)"]
[EventRounds "9"]
[EventCountry "USA"]
[SourceTitle "CBM 198"]
[Source "ChessBase"]
[SourceDate "2020.10.31"]
[SourceVersion "1"]
[SourceVersionDate "2020.10.31"]
[SourceQuality "1"]
[WhiteTeam "Ireland"]
[BlackTeam "Denmark"]
[WhiteTeamCountry "IRL"]
[BlackTeamCountry "DEN"]

1. d4 d5 2. c4 e6 3. Nc3 Be7 4. cxd5 exd5 5. Bf4 c6 6. Qc2 g6 7. e3 Bf5 8. Bd3 Bxd3 9. Qxd3 Nf6 10. h3 Nbd7 11. Nf3 Qa5 12. 0-0 0-0 13. Rfe1 Rfe8 14. a3 Qb6 15. Rab1 a5 16. Ne5 Qb3 17. Qd2 Rad8 18. Ne2 a4 19. Nc1 Qb6 20. Ncd3 Ne4 21. Qd1 Nxe5 22. Nxe5 Qa6 23. Bh6 Nd6 24. Qf3 Nf5 25. Bf4 f6 26. Ng4 Kg7 27. Rbd1 Bd6 28. Bh6+ Kf7 29. h4 Re6 30. h5 Be7 31. Bf4 Qb6 32. hxg6+ hxg6 33. Qh3 Rg8 34. Rb1 Qd8 35. Qh7+ Rg7 36. Nh6+ Nxh6 37. Qxh6 Qg8 38. Qh3 Rh7 39. Qf3 g5 40. Bg3 g4 41. Qf5 Re4 42. Kf1 Qg6 43. Qxg6+ Kxg6 44. Ke2 f5 45. Kd3 Rh8 46. Rh1 Rxh1 47. Rxh1 Bf6 48. Be5 Bxe5 49. f3 gxf3 50. gxf3 Rxe3+ 51. Kxe3 f4+ 52. Kd3 Bg7 53. Rg1+ Kf6 54. Rg4 Bh6 55. Rg8 Bg7 56. Rb8 b5 57. Rb6 Kf5 58. Rxc6 Bf6 59. Rb6 Be7 60. Rxb5 Ke6 61. Ra5 1-0

[Event "Online Olym Div2 D"]
[Site "Chess.com INT"]
[Date "2020.08.14"]
[Round "3.4"]
[White "Mencos Castillo, Maria E"]
[Black "Guindy, Esmat Susanne"]
[Result "1-0"]
[WhiteElo "1865"]
[BlackElo "2128"]
[PlyCount "47"]
[EventDate "2020.08.14"]
[EventType "team-tourn (rapid)"]
[EventRounds "9"]
[EventCountry "USA"]
[SourceTitle "CBM 198"]
[Source "ChessBase"]
[SourceDate "2020.10.31"]
[SourceVersion "1"]
[SourceVersionDate "2020.10.31"]
[SourceQuality "1"]
[WhiteTeam "Guatemala"]
[BlackTeam "Denmark"]
[WhiteTeamCountry "GUA"]
[BlackTeamCountry "DEN"]

1. e4 e6 2. d4 d5 3. Nc3 Nf6 4. e5 Nfd7 5. a3 c5 6. Nge2 cxd4 7. Nxd4 Nxe5 8. Bf4 Ng6 9. Bg3 Nc6 10. Ndb5 e5 11. Nxd5 Bd6 12. Ndc3 Bb8 13. Qxd8+ Nxd8 14. 0-0-0 0-0 15. Nd6 Be6 16. Nce4 f5 17. Nc5 f4 18. Nxe6 Nxe6 19. Bc4 fxg3 20. Bxe6+ Kh8 21. Nf7+ Kg8 22. Nxe5+ Kh8 23. Nxg6+ hxg6 24. hxg3# 1-0